000 00611nam a2200241Ia 4500
003 OSt
005 20220924144942.0
006 a|||||r|||| 00| 0
007 ta
008 220923b |||||||| |||| 00| 0 tam d
024 _a324084
037 _cTextual
040 _aARTS
_cARTS
_btam
041 _2tam
_atam
082 _aO31,1B2:g, J8
100 _aRagaviengar R. Au.
_9218745
245 0 _aKuruntogai vilakkam
260 _c1958
650 _a TAMIL POETRY
650 _aTAMIL LITERATURE
942 _hO31,1B2:g, J8
_cTEXL
_2CC
999 _c458711
_d458711